Logo BPK

Biblioteka

Politechniki Koszalińskiej

Three nights in the heart of the earth : (Rekord nr 47283)

Szczegóły MARC
000 -ETYKIETA REKORDU
podpole kontrolne o stałej długości 00513nam a2200181 i 4500
001 - NUMER KONTROLNY REKORDU
pole kontrolne bgj
020 ## - MIĘDZYNARODOWY ZNORMALIZOWANY NUMER KSIĄŻKI - ISBN
ISBN 0393025101 (hbk, jacket)
040 ## - ŹRÓDŁO KATALOGOWANIA
Instytucja, która utworzyła rekord BPK
041 0# - KOD JĘZYKA
Kod języka tekstu eng
920 ## - Międzynarodowy znormalizowany numer książki – ISBN
ISBN 0-393-02510-1 (hbk, jacket)
008 - POLE O STAŁEJ DŁUGOŚCI - DANE KONTROLNE
podpole kontrolne o stałej długości s uk f |000 0 eng
100 1# - NAZWA OSOBOWA
Nazwa osobowa LAIDLAW, Brett
245 10 - TYTUŁ/ODPOWIEDZIALNOŚĆ
Tytuł Three nights in the heart of the earth :
Ciąg dalszy tytułu a novel /
Pozostałe elementy strefy tytułu i oznaczenia odpowiedzialności Brett Laidlaw.
260 ## - STREFA ADRESU WYDAWNICZEGO
Miejsce wydania New York :
Nazwa wydawcy/dystrybutora W.W.Norton,
Data publikacji, dystrybucji/powstania dokumentu c. 1988.
300 ## - STREFA OPISU FIZYCZNEGO
Objętość 255 pp ;
Rozmiary 22 cm.
650 #9 - HASŁO PRZEDMIOTOWE W FORMIE NAZWY OGÓLNEJ LUB JEDNOSTKOWEJ
Nazwa ogólna lub geograficzna American fiction
Określnik chronologiczny 20th century
856 ## - LOKALIZACJA I DOSTĘP DO ELEKTRONICZNYCH DOKUMENTÓW ZDALNYCH
Link (URL) http://koha.tu.koszalin.pl/cgi-bin/koha/opac-detail.pl?biblionumber=47283
Tekst linku Katalog online BPK
942 ## - DODATKOWE ELEMENTY (KOHA)
Typ dokumentu Książka
Egzemplarze
Wycofany Status egzemplarza Uszkodzony Dostępność Lokalizacja stała Lokalizacja bieżąca Miejsce przechowywania Sygnatura Kod kreskowy Typ dokumentu
      Dostępny Biblioteka Politechniki Koszalińskiej Biblioteka Politechniki Koszalińskiej Wypożyczalnia Językowa KA 2668 09024519 Książka
© 2023 Biblioteka Politechniki Koszalińskiej :: KOHA